Statistics for X-Men Quizzes 11: Colossus

Click here to take the quiz!

General Stats

  • This quiz has been taken 13 times
  • The average score is 5 of 10

Answer Stats

HintAnswer% Correct
What can he turn his body into?Organic Steel
92%
Who is his sister?Magik / Illyana Rasputin
85%
What is his first name?Пётр / Piotr
85%
Which country was he born in?Russia
85%
What is his last name?Распутин / Rasputin
77%
Who portrayed him in 2003?Daniel Cudmore
38%
What is his middle name?Николаевич / Nikolayevich
15%
During the Mutant Massacre storyline, whose neck did he snap?Riptide / Janos Quested
15%
Who voiced him in 2016's Deadpool?Stefan Kapičić
15%
Who portrayed him in 2000?Donald MacKinnon
8%

Score Distribution

Percentile by Number Answered

Percent of People with Each Score

Your Score History

You have not taken this quiz